000 00796nam a2200265 a 4500
001
003 OSt
005 20260114124842.0
008 181207s2020 pr 000 p spa d
020 _a9789945917376
040 _aDO-SdBNP
_bspa
_cBNPHU
082 4 _a248.4
_bF673d 2020
_222
100 1 _a Fondeur, Eleonora
_975680
245 1 0 _aDiario de un viaje espiritual /
_b
_cEleonora Fondeur.
250 _a2a. ed
260 _aSan José de las Matas, República Dominicana :
_bOPUS,
_c2020.
300 _a400 p. ;
_c23 cm.
490 _a
500 _aIncluye datos biográficos de la autora en las solapas
590 _aInventariado, 2020/VM
650 0 _aCristianismo
_9885
650 0 _aMeditaciones
_xMeditaciones.
_95988
910 _aVMateo. Validado MFF
942 _2ddc
_cLBS1
999 _c49058
_d49058